Catálogo
 En Linea

Victorio Macho / (Registro nro. 7389)

Detalles MARC
000 -CABECERA
campo de control de longitud fija 00695cam a2200193 a 4500
001 - NÚMERO DE CONTROL
campo de control 000007609
005 - FECHA Y HORA DE LA ÚLTIMA TRANSACCIÓN
campo de control 20200929154230.0
008 - DATOS DE LONGITUD FIJA--INFORMACIÓN GENERAL
campo de control de longitud fija 840920s1971 sp a 001 0bspa
040 ## - FUENTE DE LA CATALOGACIÓN
Centro catalogador/agencia de origen DO-SdBNP
Lengua de catalogación spa
Centro/agencia transcriptor BNPHU
082 ## - NÚMERO DE LA CLASIFICACIÓN DECIMAL DEWEY
Número de clasificación 927.46
Número de documento/Ítem M151M
100 1# - ENTRADA PRINCIPAL--NOMBRE DE PERSONA
Nombre de persona Mon, Fernando
9 (RLIN) 21100
245 00 - MENCIÓN DE TÍTULO
Título Victorio Macho /
Mención de responsabilidad, etc. Fernando Mon.
260 ## - PUBLICACIÓN, DISTRIBUCIÓN, ETC.
Lugar de publicación, distribución, etc. Madrid :
Nombre del editor, distribuidor, etc. Ministerio de Educación y Ciencia. Dirección General de Bellas Artes,
Fecha de publicación, distribución, etc. 1971.
300 ## - DESCRIPCIÓN FÍSICA
Extensión 75 p. :
Otras características físicas il. ;
Dimensiones 17 cm.
490 1# - MENCIÓN DE SERIE
Mención de serie Artistas Españoles Contemporaneos
-- Escultores
600 14 - PUNTO DE ACCESO ADICIONAL DE MATERIA--NOMBRE DE PERSONA
Nombre de persona MACHO, VICTORIO
Fechas asociadas al nombre 1887-1966.
9 (RLIN) 8189
650 #4 - PUNTO DE ACCESO ADICIONAL DE MATERIA--TÉRMINO DE MATERIA
Término de materia o nombre geográfico como elemento de entrada Escultores españoles
Término de materia que sigue a un nombre geográfico como elemento de entrada BIOGRAFÍA
9 (RLIN) 21101
830 #0 - PUNTO DE ACCESO ADICIONAL DE SERIE-TÍTULO UNIFORME
Título uniforme Artistas Españoles Contemporaneos ;
Nombre de parte o sección de la obra Escultores
9 (RLIN) 21102
Existencias
Estado de retiro Estado de pérdida Restricciones de uso No para préstamo Código de colección Localización permanente Ubicación/localización actual Ubicación en estantería Fecha de adquisición Número de inventario Total de préstamos Signatura topográfica completa Código de barras Fecha visto por última vez Precio válido a partir de Tipo de ítem Koha
    Préstamo interno   Monografías: Libros y Folletos General General En catalogación 09.09.2009 LF1   927.46 M151M 7609-10 25.06.2020 25.06.2020 Préstamo interno

Con tecnología Koha